Coopération judiciaire pénale dans l'union européenne /

Recoge: 1. Historique et generalites - 2. L'harmonisation du droit pénal matériel.

Saved in:
Bibliographic Details
Main Author: Moreillon, Laurent.
Other Authors: Willi-Jayet, Aline.
Format: Book
Language:French
Published: Bruxelles : Bâle : Paris : Bruylant; Helbing & Lichtenhahn; LGDJ, 2005.
Series:Dossier de droit européen ; no. 12.
Subjects:
Tags: Add Tag
No Tags, Be the first to tag this record!
LEADER 01157cam a2200337Ii 4500
001 009756830-9
005 20120125160008.0
008 051221s2005 be 000 0 fre d
020 |a 2802721224 
020 |a 9782802721222 
020 |a 371902198X 
020 |a 9783719021986 
035 0 |a ocm62750148 
040 |a TZT  |c TZT  |d MUQ  |d LUI  |d SZ9XM  |d ESUDE 
043 |a e------ 
050 4 |a KJE7975  |b .M67 2005 
072 7 |a KJ  |2 lcco 
082 1 4 |a 345  |2 1 
100 1 |a Moreillon, Laurent. 
245 1 0 |a Coopération judiciaire pénale dans l'union européenne /  |c Laurent Moreillon, Aline Willi-Jayet. 
260 |a Bruxelles :  |b Bruylant;  |a Bâle :  |b Helbing & Lichtenhahn;  |a Paris :  |b LGDJ,  |c 2005. 
300 |a xlviii, 745 p. ;  |c 23 cm. 
490 1 |a Dossier de droit européen ;  |v no. 12 
520 8 |a Recoge: 1. Historique et generalites - 2. L'harmonisation du droit pénal matériel. 
650 0 |a Criminal law  |z European Union countries. 
650 0 |a Criminal law  |x International unification. 
653 |a European criminal law 
700 1 |a Willi-Jayet, Aline. 
830 0 |a Dossier de droit européen ;  |v no. 12. 
988 |a 20050914 
906 |0 OCLC